000 00653cam a2200205 4500500
005 20260405002119.0
041 _afre
042 _adc
100 1 0 _aLegros, Martin
_eauthor
245 0 0 _aCatherine Kintzler : “Ne pas sacrifier la laïcité sur l’autel du terrorisme”
260 _c2015.
500 _a67
690 _aCatherine Kintzler
690 _afanatisme
690 _aIslam
690 _aIslamisme
690 _aLaïcité
786 0 _nPhilosophie magazine | 95 | 12-1 | 2015-12-01 | p. 55-55 | 1951-1787
856 4 1 _uhttps://shs.cairn.info/magazine-philosophie-magazine-2015-12-1-page-55?lang=fr&redirect-ssocas=7080
999 _c2054380
_d2054380